书目信息 |
| 书名: | 干旱半干旱地区生态系统稳定性及其生态修复 | |
| 作者: | 高甲荣等编. | |
| 分册号: | ||
| 分册名: | 出版地: | 北京 : |
|
| 出版社: | 科学出版社 | |
| 出版时间: | 2006. | |
| 页数: | 410 p. ; | |
| 开本: | 21cm. | |
| 丛书名: | ||
| 中图分类号: | ||
| 科图分类号: | ||
| 其他分类号: | P941.71-73:H33 | |
| 主题词: | ||
| 电子资源: | ||
| 000 | 00598nam 2200169 a 4500 | |
| 001 | E0730070762 | |
| 005 | 20071006092414.00 | |
| 008 | 071002s2006 00010 eng | |
| 020 | @a978-7-03-017963-0 :@cCNY80.00. | |
| 040 | @aPFT@bchi | |
| 041 | @achi@heng | |
| 090 | @aP941.71-73:H33 | |
| 099 | @dP941.71-73:H33@ex69 | |
| 245 | @a干旱半干旱地区生态系统稳定性及其生态修复 :@bRestoration and Stability of Ecosystem in Arid and Semi-arid Areas / @c高甲荣等编. | |
| 246 | @aRestoration and Stability of Ecosystem in Arid and Semi-arid Areas | |
| 260 | @a北京 :@b科学出版社,@c2006. | |
| 300 | @a410 p. ;@c21cm. | |
| 干旱半干旱地区生态系统稳定性及其生态修复 : : Restoration and Stability of Ecosystem in Arid and Semi-arid Areas / / 高甲荣等编.-北京 : : 科学出版社, , 2006. |
| 410 p. ; ; 21cm. |
| ISBN 978-7-03-017963-0 :CNY80.00. |
| ● |
| 相关链接 |
|
|
|
|
正题名:干旱半干旱地区生态系统稳定性及其生态修复
索取号:P941.71-73:H33/x69
 
预约/预借
| 序号 | 登录号 | 条形码 | 馆藏地/架位号 | 状态 | 备注 |
| 1 | 17537 | 300175370 | 第二样本阅览室/ [索取号:P941.71-73:H33/x69] | 在馆 | |
| 2 | 17591 | 300175913 | 第四借阅区/ [索取号:P941.71-73:H33/x69] | 在馆 |